000 00676cam a22002172 4500
001 0000003521
005 20151217151927.0
008 070509s xx 000 0 eng d
040 _aKABU
_cKABU
050 0 _aLA2317
_b.H63H63
100 1 _aPurdy, Anne.
_@0000074678
245 1 0 _aTasha :
_bthe story of a young teacher in the Alaska wilderness as told to Robert Specht.
260 _aNew York :
_bSt. Martin's Press,
_c1976.
300 _a358 p.
600 1 0 _aPurdy, Anne.
_@0000074678
650 0 _aEducation
_zAlaska.
_@0000153497
700 1 _aSpecht, Robert.
_@0000153498
908 _a070509
950 _@1
999 _c6431
_d6431